William N. Copley (Record no. 7159)

MARC details
000 - LÍDER
campo de control de longitud fija 00869nam a2200205Ia 4500
008 - ELEMENTOS DE DATOS DE LONGITUD FIJA - INFORMACIÓN GENERAL
campo de control de longitud fija 0000001981 fr a 0000000000fre00
020 ## - INTERNATIONAL STANDARD BOOK NUMBER
International Standard Book Number 2858500649
090 ## - NÚMERO DE LLAMADA DE TIPO LC LOCALMENTE ASIGNADO (OCLC)
Número de clasificación (OCLC) (R) PUS00 C66w
100 1# - ENTRADA PRINCIPAL - NOMBRE PERSONAL
Nombre de la persona Copley, William N.
Fechas asociadas a un nombre 1919
245 10 - TÍTULO DECLARACIÓN
Título William N. Copley
260 ## - PUBLICACIÓN, DISTRIBUCIÓN
Lugar de publicación Paris : Musee National d ́art Moderne, Centre Georges Pompidou
Fecha de publicación 1981
300 ## - DESCRIPCIÓN FÍSICA
Alcance 99 p.
Dimensiones / 30 cm.
500 ## - NOTA GENERAL
Nota general Exposición realizada en el Musée National d'Art Moderne Centre Georges Pompidou, Paris, Noviembre 26, 1980 Enero 11, 1981 \ Texto en alemán y francés \ Con el patronazgo del maestro venezolano Jesús Rafael Soto (q.e.p.d.) \
600 00 - ENTRADA DE SUJETO AÑADIDO - NOMBRE PERSONAL
Nombre de la persona COPLEY, WILLIAM N., 1919/
Subdivisión general TRABAJOS PICTORICOS
650 14 - ENTRADA DE SUJETO AÑADIDO - TÉRMINO TÓPICO
Término tópico o elemento de entrada del nombre geográfico ARTE CONTEMPORANEO ESTADOUNIDENSE
650 14 - ENTRADA DE SUJETO AÑADIDO - TÉRMINO TÓPICO
Subdivisión general CATALOGOS
650 14 - ENTRADA DE SUJETO AÑADIDO - TÉRMINO TÓPICO
Subdivisión general EXPOSICIONES
650 14 - ENTRADA DE SUJETO AÑADIDO - TÉRMINO TÓPICO
Término tópico o elemento de entrada del nombre geográfico PINTORES ESTADOUNIDENSES
650 14 - ENTRADA DE SUJETO AÑADIDO - TÉRMINO TÓPICO
Término tópico o elemento de entrada del nombre geográfico PINTURA ESTADOUNIDENSE
Holdings
Estado de retirada Pérdida de estatus Estado dañado No para préstamo Código de recogida Ubicación permanente Ubicación actual Ubicación de las estanterías Fecha de adquisición Número de llamada completo Código de barras Fecha de la última vez que se vio Número de copia Precio efectivo desde Tipo de artículo Koha
        General ArtNexus ArtNexus General 06/09/2022 P-US-00 C66W 7163 06/09/2022 Ej.1 06/09/2022 Libro

Powered by Koha